000 00437cam a2200193 4500
001 D8231
008 090401t1983 xxu||||| |||| 00| 0 eng d
035 _a(Sirsi) u11902
041 _aeng
050 _a346.41043
100 _aRiddall, J.G.
245 _aIntroduction to land law
250 _a3rd
260 _aLondon
_bButterworths
_c1983
300 _axxxii. 487p. 25cm
350 _a17.5
942 _n0
948 _c04/03/1997
999 _c86928
_d86928